000 nam a22 7a 4500
999 _c10149
_d10149
008 180212b ||||| |||| 00| 0 eng d
100 _aYadav, R C
_96161
245 _aMathematics mental -II
260 _aNew Delhi
_bArya Publication
_c2013